000
00282nam a2200133Ia 4500
100
_a
O''''Donnell
942
_c
BK
654
_a
Navigation
245
_a
Inertial Navigation & Design
260
_b
McGraw Hill
_c
2001
082
_a
629.04
_b
O'DON
546
_a
ENGLISH
999
_c
20197
_d
20197